Das Asklepieion 1 Der südliche Temenosbezirk in hellenistischer und frührömischer Zeit

Saved in:
Bibliographic Details
Main Authors: Ziegenaus, Oskar (Author)
De Luca, Gioia (Author)
Document Type: Book
Language:German
Published: Berlin : de Gruyter , 1968
Series:Altertümer von Pergamon 11
Subjects:
Online Access:Inhaltsverzeichnis
Related Items:Rezensiert in: [Rezension von: Oskar Ziegenaus, Gioia de Luca, Das Asklepieion, 1. Teil, Der südliche Temenosbezirk in hellenistischer und frührömischer Zeit]
Author Notes:Oskar Ziegenaus; Gioia DeLuca
LEADER 01769cam a2200385 cc4500
001 1075561671
003 DE-627
005 20240330190032.0
007 tu
008 850101s1968 xx ||||| 00| ||ger c
035 |a (DE-627)1075561671 
035 |a (DE-576)005561671 
035 |a (DE-599)BSZ005561671 
035 |a (OCoLC)165747952 
035 |a (OCoLC)310562832 
040 |a DE-627  |b ger  |c DE-627  |e rakwb 
041 |a ger 
084 |a 9,10  |2 ssgn 
100 1 |a Ziegenaus, Oskar  |4 aut 
245 1 4 |a Das Asklepieion  |n 1  |p Der südliche Temenosbezirk in hellenistischer und frührömischer Zeit  |c Oskar Ziegenaus; Gioia DeLuca 
264 1 |a Berlin  |b de Gruyter  |c 1968 
300 |a XII, 188 S., 88 teilw. gef. Taf. 
336 |a Text  |b txt  |2 rdacontent 
337 |a ohne Hilfsmittel zu benutzen  |b n  |2 rdamedia 
338 |a Band  |b nc  |2 rdacarrier 
490 1 |a Altertümer von Pergamon / Deutsches Archäologisches Institut  |v 11 
583 1 |a Archivierung/Langzeitarchivierung gewährleistet  |f SSG  |x XA-DE-BW  |2 pdager  |5 DE-16 
700 1 |a De Luca, Gioia  |0 (DE-588)1158101325  |0 (DE-627)1021813885  |0 (DE-576)503612782  |4 aut 
773 1 8 |w (DE-627)1075561663  |w (DE-576)005561663  |g 1  |q 1  |7 nnam 
787 0 8 |i Rezensiert in  |a Pinkwart, Doris, 1936 - 2021  |t [Rezension von: Oskar Ziegenaus, Gioia de Luca, Das Asklepieion, 1. Teil, Der südliche Temenosbezirk in hellenistischer und frührömischer Zeit]  |d Kevelaer, Rhld. : Verlag Butzon & Berker, 1970  |w (DE-627)1759215236 
830 0 |a Altertümer von Pergamon  |v 11  |9 11,1  |w (DE-627)130754390  |w (DE-576)005561620  |w (DE-600)997002-2  |x 1868-9876  |7 am 
856 4 2 |u http://d-nb.info/454567022/04  |m B:DE-101  |q application/pdf  |3 Inhaltsverzeichnis  |7 1 
951 |a MV 
991 |a Rezensiertes Werk 
999 |a KXP-PPN1075561671  |e 4977376862